000
00309nam a22001337a 4500
008
170406b xxu||||| |||| 00| 0 eng d
020
_a
0721646026
041
_a
eng
080
_2
4TH
_a
616.15
100
_a
9
101
_a
SHM
245
_a
HEMATOLOGGY OF INFANCY AND CHILDHOOD
_c
NATHAN, D.G
942
_2
udc
_c
BK
999
_c
9921
_d
9921